عرض عادي عرض مارك
  • Architectural design

مدخل مصطلح موضوعي

عدد التسجيلات المستخدمة في: 1

001 - رقم الضبط

  • حقل الضبط: 36331

003 - معرف رقم الضبط

  • حقل الضبط: OSt

005 - تاريخ ووقت أخر عملية

  • حقل الضبط: 20130803130306.0

008 - عناصر بيانات ثابتة الطول

  • حقل تحكم ثابت الطول: 130803|||a|||||| | ||| d

040 ## - مصدر الفهرسة

  • هيئة الفهرسة الأصلية: OSt
  • وكالة الكتابة: OSt

150 ## - مدخل-- مصطلح تاريخي

  • عنصر مدخل المصطلح الموضوعي او الاسم الجغرافي: Architectural design
  • تفريع عام: Technological innovations

670 ## - بيانات المصدر موجوده

  • الاستشهاد بالمصدر: Work cat.: (OSt)30241: Schodek, Daniel L. 36330, Nanomaterials, Nanotechnologies and Design :, 2009